000 00650cam a2200217 i 4500
999 _c5541
_d5541
003 OSt
005 20220420093525.0
008 810209s1980 onca b 000 0 eng
020 _a0721610323 (pbk.)
040 _cDLC
050 0 0 _aRT84.5
_b.A3313
100 1 _aAdam, Evelyn.
245 1 0 _aTo be a nurse /
_cEvelyn Adam.
260 _aToronto ;
_aPhiladelphia :
_bW.B. Saunders,
_cc1980.
300 _ax, 118 p. :
_bill. ;
_c22 cm.
500 _aTranslation with revisions of Etre infirmière.
504 _aBibliography: p. 107-112.
650 0 _aNursing
_xPhilosophy.
906 _a7
_bcbc
_corignew
_d4
_encip
_f19
_gy-gencatlg
942 _2lcc
_cBK
_nMM